Política exterior de Honduras: relaciones entre Honduras y los Estados Unidos 1979-1985

Αποθηκεύτηκε σε:
Λεπτομέρειες βιβλιογραφικής εγγραφής
Κύριος συγγραφέας: Castejón, Iris Judith
Συγγραφή απο Οργανισμό/Αρχή: CSUCA
Μορφή: Κείμενο
Έκδοση: San José: CSUCA
Ετικέτες: Προσθήκη ετικέτας
Δεν υπάρχουν, Καταχωρήστε ετικέτα πρώτοι!

MARC

LEADER 00000 a a2200000 04500
001 21160
003
040
090 |a 091900  
100 |a Castejón, Iris Judith  
110 |a CSUCA  
245 |a Política exterior de Honduras: relaciones entre Honduras y los Estados Unidos 1979-1985  
260 |a San José:   |b CSUCA  
300 |a 76 p.  
999 |c 12614  |d 12614